Столкновения капель жидкости разной формы в газовом потоке; Письма в Журнал технической физики; Т. 45, вып. 6

Podrobná bibliografie
Parent link:Письма в Журнал технической физики
Т. 45, вып. 6.— 2019.— [С. 23-26]
Hlavní autor: Кузнецов Г. В. Гений Владимирович
Korporativní autor: Национальный исследовательский Томский политехнический университет Инженерная школа энергетики Научно-образовательный центр И. Н. Бутакова (НОЦ И. Н. Бутакова)
Další autoři: Стрижак П. А. Павел Александрович
Shrnutí:Заглавие с экрана
Представлены результаты экспериментальных исследований взаимодействия капель воды с разной конфигурацией поверхности в газовой среде. В результате высокоскоростной видеорегистрации получена информационная база данных по столкновениям (в режиме коагуляции, разлета, дробления) капель: сфер, сплюснутых и вытянутых эллипсоидов. Показано, что определяющее влияние оказывает конфигурация поверхности капель (помимо традиционных представлений о влиянии размеров, скоростей движения и угла атаки). Вычислены значения чисел Вебера для описания условий взаимодействия капель разной формы.
Jazyk:ruština
Vydáno: 2019
Témata:
On-line přístup:http://dx.doi.org/10.21883/PJTF.2019.06.47494.17497
Médium: MixedMaterials Elektronický zdroj Kapitola
KOHA link:https://koha.lib.tpu.ru/cgi-bin/koha/opac-detail.pl?biblionumber=662719

MARC

LEADER 00000naa0a2200000 4500
001 662719
005 20250410131339.0
035 |a (RuTPU)RU\TPU\network\33875 
035 |a RU\TPU\network\30777 
090 |a 662719 
100 |a 20200925d2019 k||y0rusy50 ca 
101 0 |a rus 
102 |a RU 
135 |a drcn ---uucaa 
181 0 |a i  
182 0 |a b 
200 1 |a Столкновения капель жидкости разной формы в газовом потоке  |d Collisions between Liquid Drops of Various Shapes in a Gas Flow  |f Г. В. Кузнецов, П. А. Стрижак 
203 |a Текст  |c электронный 
300 |a Заглавие с экрана 
320 |a [Библиогр.: 10 назв.] 
330 |a Представлены результаты экспериментальных исследований взаимодействия капель воды с разной конфигурацией поверхности в газовой среде. В результате высокоскоростной видеорегистрации получена информационная база данных по столкновениям (в режиме коагуляции, разлета, дробления) капель: сфер, сплюснутых и вытянутых эллипсоидов. Показано, что определяющее влияние оказывает конфигурация поверхности капель (помимо традиционных представлений о влиянии размеров, скоростей движения и угла атаки). Вычислены значения чисел Вебера для описания условий взаимодействия капель разной формы. 
461 |t Письма в Журнал технической физики 
463 |t Т. 45, вып. 6  |v [С. 23-26]  |d 2019 
510 1 |a Collisions between Liquid Drops of Various Shapes in a Gas Flow  |z eng 
610 1 |a электронный ресурс 
610 1 |a труды учёных ТПУ 
700 1 |a Кузнецов  |b Г. В.  |c специалист в области теплоэнергетики  |c профессор Томского политехнического университета, доктор физико-математических наук  |f 1949-  |g Гений Владимирович  |3 (RuTPU)RU\TPU\pers\25528  |9 11458 
701 1 |a Стрижак  |b П. А.  |c специалист в области теплоэнергетики  |c профессор Томского политехнического университета, доктор физико-математических наук  |f 1985-  |g Павел Александрович  |3 (RuTPU)RU\TPU\pers\25983  |9 11832 
712 0 2 |a Национальный исследовательский Томский политехнический университет  |b Инженерная школа энергетики  |b Научно-образовательный центр И. Н. Бутакова (НОЦ И. Н. Бутакова)  |3 (RuTPU)RU\TPU\col\23504  |9 28320 
801 2 |a RU  |b 63413507  |c 20200925  |g RCR 
856 4 |u http://dx.doi.org/10.21883/PJTF.2019.06.47494.17497 
942 |c CF